El Japón pierde la guerra del Pacífico / (Record no. 72330)

MARC details
000 -LEADER
campo de control de longitud fija 00699nam a2200217 i 4500
001 - NÚMERO DE CONTROL
campo de control 72330
003 - IDENTIFICADOR DE NÚMERO DE CONTROL
campo de control ES-MaACL
005 - FECHA Y HORA DE LA ÚLTIMA TRANSACCIÓN
campo de control 20230906171415.0
007 - CAMPO FIJO DE DESCRIPCIÓN FÍSICA--INFORMACIÓN GENERAL
campo de control de longitud fija t|
008 - DATOS DE LONGITUD FIJA--INFORMACIÓN GENERAL
campo de control de longitud fija 040831s1960 sp ||||1| spa d
100 0# - ENTRADA PRINCIPAL--NOMBRE DE PERSONA
Nombre de persona Giuglaris, Marcel.
9 (RLIN) 57358
245 13 - MENCIÓN DEL TÍTULO
Título El Japón pierde la guerra del Pacífico /
Mención de responsabilidad, etc. Marcel Giuglaris ; [traducción y notas de Manuel Aznar Acedo].
260 ## - PUBLICACIÓN, DISTRIBUCIÓN, ETC.
Lugar de publicación, distribución, etc. Madrid :
Nombre del editor, distribuidor, etc. Cid,
Fecha de publicación, distribución, etc. [1960] (
Fabricante Dirección)
300 ## - DESCRIPCIÓN FÍSICA
Extensión 526 p. ;
Dimensiones 20 cm.
490 1# - MENCIÓN DE SERIE
Mención de serie Vértice ;
Designación de volumen o secuencia 6
650 04 - PUNTO DE ACCESO ADICIONAL DE MATERIA--TÉRMINO DE MATERIA
Término de materia o nombre geográfico como elemento de entrada Guerra mundial, 1939-1945-
Subdivisión geográfica Pacífico.
9 (RLIN) 13249
700 1# - ENTRADA AGREGADA--NOMBRE PERSONAL
Nombre de persona Aznar Acedo, Manuel.
9 (RLIN) 24303
830 0# - PUNTO DE ACCESO ADICIONAL DE SERIE-TÍTULO UNIFORME
Título uniforme Vértice ;
Designación de volumen o secuencia 6
9 (RLIN) 182682
852 ## - LOCALIZACIÓN
Ubicación ES-MaACL
Número de control de estantería C-17651
Sublocalización o colección R.45765
Holdings
Estatus retirado Estado de pérdida Estado de daño No para préstamo Biblioteca de origen Biblioteca actual Ubicación en estantería Fecha de adquisición Fuente de adquisición Total de préstamos Signatura topográfica completa Código de barras Visto por última vez Precio de reemplazo Tipo de ítem Koha
        Biblioteca del Ateneo de Madrid Biblioteca del Ateneo de Madrid Galería 17/01/2008     C-17651 1075725 23/02/2023 23/02/2023 Libro impreso